[Event "Barcelona Catalunya Tancat"]
[Site "Barcelona"]
[Date "2014.10.04"]
[Round "2"]
[White "Jareno Badenas, Aleix"]
[Black "Fernandez Aguilar, Francisco J"]
[Result "1/2-1/2"]
[WhiteElo "2097"]
[BlackElo "2036"]
[PlyCount "48"]
[EventDate "2014.09.27"]
[EventType "tourn"]
[EventRounds "9"]
[EventCountry "ESP"]
[SourceTitle "EXT 2017"]
[Source "ChessBase"]
[SourceDate "2016.10.25"]
[SourceVersion "1"]
[SourceVersionDate "2016.10.25"]
[SourceQuality "1"]

1. e4 c5 2. Nf3 d6 3. d4 cxd4 4. Qxd4 Nc6 5. Bb5 Bd7 6. Bxc6 Bxc6 7. Nc3 e5 8. Qd3 h6 9. Be3 Nf6 10. a3 Be7 11. 0-0-0 Qd7 12. Nd2 b5 13. f4 Qb7 14. Rhe1 0-0 15. fxe5 dxe5 16. Bxh6 gxh6 17. Qg3+ Kh7 18. Qxe5 Qd7 19. Nf3 Qe6 20. Qf4 Nh5 21. Qe3 b4 22. Nd5 Bxd5 23. Rxd5 f5 24. Kb1 Ng7 1/2-1/2